Statistics for Los Angeles Clippers All-Time Starting 5

Click here to take the quiz!

General Stats

  • This quiz has been taken 281 times
    (224 since last reset)
  • The average score is 4 of 7

Answer Stats

PositionPlayer% Correct
PGChris Paul
97%
PFBlake Griffin
95%
CBob McAdoo
66%
SFKawhi Leonard
66%
CoachDoc Rivers
56%
6th ManElton Brand
26%
SGWorld B. Free
12%

Score Distribution

Percentile by Number Answered

Percent of People with Each Score

Your Score History

You have not taken this quiz since the last reset